|
|
|
|
| LEADER |
00712nam a22002051 4500 |
| 001 |
c000378304 |
| 003 |
CARM |
| 005 |
00000000000000.0 |
| 008 |
851003s1967 gw 00000 ger d |
| 019 |
1 |
|
|a 3962447
|
| 100 |
1 |
|
|a Leisi, Ernst,
|d 1918-
|
| 245 |
1 |
4 |
|a Der Wortinhalt :
|b seine Struktur im Deutschen und Englischen.
|
| 250 |
|
|
|a 3.Aufl.
|
| 260 |
|
|
|a Heidelberg,
|c 1967.
|
| 650 |
|
0 |
|a English language
|x Semantics.
|
| 650 |
|
0 |
|a German language
|x Semantics.
|
| 852 |
8 |
|
|b CARM
|h A2:AI32H0
|i B07002
|p 0309133
|f BK
|
| 082 |
0 |
4 |
|a 432
|
| 999 |
f |
f |
|i 9671106a-3789-51d0-a2ee-27d527dd99aa
|s e566bebf-1bf6-5885-8cbb-6f34f387a12f
|
| 952 |
f |
f |
|p Can circulate
|a CAVAL
|b CAVAL
|c CAVAL
|d CARM 1 Store
|e B07002
|f A2:AI32H0
|h Other scheme
|i book
|m 0309133
|